000 00669nam a2200241Ia 4500
003 OSt
005 20220925183820.0
006 a|||||r|||| 00| 0
007 ta
008 220923b |||||||| |||| 00| 0 eng d
037 _cGeneral Book
040 _aRTL
_cRTL
_beng
041 _2eng
_aeng
082 _aX71.2.N9, N5.1/GD
245 0 _aDepartmentally related Parliamentary Standing Committies
260 _aDelhi
_bM O P
_c1995
300 _a409p
_ccm.
490 _vVI: Action taken reports on demands for grants
650 _a Economics
650 _aBudget
942 _hX71.2.N9, N5.1/GD
_cGB
_2CC
999 _c505905
_d505905